A relativist's toolkit (Record no. 36202)

MARC details
000 -LEADER
fixed length control field 00597 a2200205 4500
003 - CONTROL NUMBER IDENTIFIER
control field IN-BaIIA
005 - DATE AND TIME OF LATEST TRANSACTION
control field 20260701111311.0
008 - FIXED-LENGTH DATA ELEMENTS--GENERAL INFORMATION
fixed length control field 260701b |||||||| |||| 00| 0 eng d
020 ## - INTERNATIONAL STANDARD BOOK NUMBER
International Standard Book Number 978-0-521-53780-3
040 ## - CATALOGING SOURCE
Transcribing agency IIA LIB
080 ## - UNIVERSAL DECIMAL CLASSIFICATION NUMBER
Universal Decimal Classification number 530.12
Item number POI
100 ## - MAIN ENTRY--PERSONAL NAME
Personal name Poisson, Eric
9 (RLIN) 49449
245 ## - TITLE STATEMENT
Title A relativist's toolkit
Remainder of title the mathematics of black hole mechanics
Statement of responsibility, etc. Eric poisson
260 ## - PUBLICATION, DISTRIBUTION, ETC.
Place of publication, distribution, etc. New york
Name of publisher, distributor, etc. Cambridge university press
Date of publication, distribution, etc. 2007
300 ## - PHYSICAL DESCRIPTION
Extent xvi, 233p.
650 ## - SUBJECT ADDED ENTRY--TOPICAL TERM
Source of heading or term General relativity
650 ## - SUBJECT ADDED ENTRY--TOPICAL TERM
Topical term or geographic name entry element Black holes
9 (RLIN) 7728
650 ## - SUBJECT ADDED ENTRY--TOPICAL TERM
Topical term or geographic name entry element Mathematical physics
9 (RLIN) 1525
942 ## - ADDED ENTRY ELEMENTS (KOHA)
Source of classification or shelving scheme Universal Decimal Classification
Koha item type Books
Holdings
Withdrawn status Lost status Source of classification or shelving scheme Damaged status Not for loan Home library Current library Shelving location Date acquired Source of acquisition Cost, normal purchase price Total Checkouts Full call number Barcode Date last seen Cost, replacement price Price effective from Koha item type Purchase Price
    Dewey Decimal Classification     IIA Library-Bangalore IIA Library-Bangalore General Stacks 23/06/2026 7 9137.52   530.12/ POI 21078 23/06/2026 9137.52 23/06/2026 Books  

Powered by Koha